Návrh koncepcie manipulácie súčiastky vo firme Schweisser Team s.r.o.

Na minha lista:
Detalhes bibliográficos
Autor principal: Benko, Roman (Author)
Outros Autores: Matúšová, Miriam (Thesis advisor)
Formato: Manuscrito Livro
Idioma:eslovaco
Publicado em: 2025
Assuntos:
Acesso em linha:http://is.stuba.sk/zp/portal_zp.pl?podrobnosti=176948
Tags: Adicionar Tag
Sem tags, seja o primeiro a adicionar uma tag!

MARC

LEADER 00000ntm a22000003a 4500
001 stuzp103832
003 SK-STU
005 20250628210924.6
007 ta
008 150427s2015----xo-----f-mn---000-0-slo-d
040 |a STU  |b slo 
041 0 |a slo 
100 1 |a Benko, Roman  |u 063000  |4 aut  |U MTF Materiálovotechnologická fakulta  |T MTF Ústav výrobných technológií  |X 121997  |U M3000  |Y 83  |7 121997 
242 0 1 |a Design of component handling concept in Schweisser Team s.r.o.  |y eng 
245 1 0 |a Návrh koncepcie manipulácie súčiastky vo firme Schweisser Team s.r.o. 
260 |c 2025 
650 4 |a logistika  |2 slo 
650 4 |a SchweisserTeam  |2 slo 
650 4 |a držiak nápravy  |2 slo 
650 4 |a SchweisserTeam  |2 eng 
650 4 |a axle holder  |2 eng 
650 4 |a logistics  |2 eng 
700 1 |a Matúšová, Miriam  |u 063800  |k Z1  |4 ths  |U MTF Ústav výrobných technológií  |T MTF Katedra výrobných zariadení a systémov  |X 4309  |U M3800  |Y 660  |7 A000004309 
856 4 |u http://is.stuba.sk/zp/portal_zp.pl?podrobnosti=176948 
996 |c M* BP-9882  |l MMSKP  |s P  |a 0  |w stuzp103832_0001